| 000 | 00487nam a2200181Ia 4500 | ||
|---|---|---|---|
| 003 | GCL | ||
| 008 | 140319s9999 xx 000 0 eng d | ||
| 040 |
_aGCL / _cGCL |
||
| 082 | 0 | 4 |
_a753.6 _bW C |
| 100 | 1 | _aWILLIAMS, CAROLINE | |
| 245 | 1 | 0 |
_aCHIMESE SYMBOLISM AND ART MOTIFS / _cWILLIAMS, CAROLINE |
| 260 |
_a[S.N] : _bCHARLES E. TUTTLE COMPANY ، _c1993 |
||
| 300 | _a472 P | ||
| 650 | 0 | 4 | _aMOTIVATION |
| 650 | 0 | 4 | _aCHINA - SYMBOLISM |
| 650 | 0 | 4 | _aSYMBOLISM - ART |
| 942 |
_2ddc _cBK |
||
| 999 |
_c12633 _d12633 |
||